| 000 | 00440cam a2200169ua 4500 | ||
|---|---|---|---|
| 020 | _c25.00 | ||
| 041 |
_amal _h |
||
| 082 |
_a491.25 _bCHA/PA |
||
| 100 | _aChacko, I C . | ||
| 245 |
_aPaniniya pradyotam / _cI C Chacko. _hTextual Documents |
||
| 260 |
_aErnamkulam : _bMar themotheus memorial printing and publishing house , _c1955. |
||
| 300 | _a779 ; . | ||
| 365 | _a25.00 | ||
| 504 | _a | ||
| 942 | _cBK | ||
| 999 |
_c5810 _d5810 |
||